| 000 | 00616nam a22002177a 4500 | ||
|---|---|---|---|
| 003 | URS | ||
| 005 | 20250828100514.0 | ||
| 008 | 250327b ||||| |||| 00| 0 eng d | ||
| 040 | _cURS | ||
| 050 |
_aHG4529.5 _b.S717 2012 |
||
| 100 | 1 |
_99027 _aStein, Benjamin |
|
| 245 | _aHow to really ruin your financial life and portfolio | ||
| 264 |
_aHoboken, New Jersey _bWiley _c©2012 |
||
| 336 |
_2rdacontent _atext |
||
| 337 |
_2rdamedia _aunmediated |
||
| 338 |
_2rdacarrier _avolume |
||
| 650 | 0 |
_911780 _aPortfolio Management |
|
| 650 | 0 |
_92142 _aInvestments |
|
| 650 | 0 |
_94613 _aFinance, Personal. |
|
| 942 |
_2lcc _cCR |
||
| 999 |
_c85052 _d85050 |
||